|
|
|
|
| LEADER |
00000nam0a2200000 4500 |
| 001 |
374444 |
| 005 |
20231102012642.0 |
| 035 |
|
|
|a (RuTPU)RU\TPU\retro\31878
|
| 035 |
|
|
|a RU\TPU\book\306282
|
| 090 |
|
|
|a 374444
|
| 100 |
|
|
|a 20221219d1980 k y0rusy50 ca
|
| 101 |
0 |
|
|a rus
|
| 102 |
|
|
|a RU
|
| 105 |
|
|
|a a z 001zy
|
| 200 |
1 |
|
|a Флюидный режим метаморфизма
|f Академия наук СССР (АН СССР), Сибирское отделение (СО), Институт земной коры (ИЗК) ; под ред. Ф. А. Летникова ; Ю. В. Комарова
|
| 210 |
|
|
|a Новосибирск
|c Наука
|d 1980
|
| 215 |
|
|
|a 192 с.
|c ил.
|
| 320 |
|
|
|a Библиогр.: с. 189-192.
|
| 606 |
1 |
|
|a Метаморфизм
|x (петрография)
|2 stltpush
|3 (RuTPU)RU\TPU\subj\43405
|9 62910
|
| 610 |
1 |
|
|a флюидный режим
|
| 610 |
1 |
|
|a гранулитовые комплексы
|
| 610 |
1 |
|
|a амфиболит-гранулитовые комплексы
|
| 610 |
1 |
|
|a формирование
|
| 610 |
1 |
|
|a метаморфические комплексы
|
| 675 |
|
|
|a 552.16
|v 3
|
| 702 |
|
1 |
|a Летников
|b Ф. А.
|g Феликс Артемьевич
|4 340
|
| 702 |
|
1 |
|a Комаров
|b Ю. В.
|g Юрий Васильевич
|4 340
|
| 712 |
0 |
2 |
|a Академия наук СССР (АН СССР)
|b Сибирское отделение (СО)
|b Институт земной коры (ИЗК)
|c (Иркутск)
|c (1957-1962)
|2 stltpush
|3 (RuTPU)RU\TPU\col\11543
|
| 801 |
|
1 |
|a RU
|b 63413507
|c 20150130
|
| 801 |
|
2 |
|a RU
|b 63413507
|c 20221219
|g RCR
|
| 942 |
|
|
|c BK
|